000 00532cam a2200193ua 4500
001 640
005 20260515113212.0
008 110411n ii |||gr||||Z||||||eng
040 _cMAIN
082 _a352.054612
245 1 _aHundred years of local eslf-government in Assam
_cby V. Venkata Rao
250 _a3rd.
260 _aGuwahati:
_bBani prakash,967.
300 _a504p:
_c30cm.
653 _aPolitical science
653 _aHundred years of local self-government in Assam
700 1 _aRao, V.Venkata.,
_eAuthor.
942 _cBK
999 _c569
_d569